| 000 | 01132cam a22003255a 4500 | ||
|---|---|---|---|
| 001 | 15152219 | ||
| 005 | 20201128021118.0 | ||
| 008 | 080124s2008 -ukad frb 001 0 eng d | ||
| 010 | _a2008003078 | ||
| 020 | _a9780273710394 | ||
| 040 |
_aDLC _beng _cDLC _dDLC _dEG-ScBUE |
||
| 043 | _ae------ | ||
| 082 | 0 | 4 |
_a332.1094 _222 _bHOW |
| 100 | 1 |
_aHowells, Peter , _d1947- _936470 |
|
| 245 | 1 | 4 |
_aThe economics of money, banking and finance : _ba European text / _cPeter Howells and Keith Bain. |
| 250 | _a4th ed. | ||
| 260 |
_aHarlow , England : _bPrentice Hall Financial Times, _c2008. _e(Hampshire, United Kingdom : _fAshford Colour Press Ltd.) |
||
| 300 |
_axxi, 634 p. : _bill, charts ; _c25 cm. |
||
| 500 | _aIndex : p. 627-634. | ||
| 500 | _aGlossary : p. 617-622. | ||
| 504 | _aIncludes bibliographical references. | ||
| 590 | _aMenna Elemam | ||
| 650 | 0 |
_aBanks and banking _zEurope _936471 _2BUEsh |
|
| 650 | 0 |
_aInternational finance _91619 _2BUEsh |
|
| 651 | _2Europe | ||
| 653 |
_bBUSADM _cAugust2015 |
||
| 655 |
_vreading book _934232 |
||
| 700 | 1 |
_aBain, Keith, _d1942- _936472 _eauthor. |
|
| 942 |
_2ddc _k332.1094 HOW |
||
| 999 |
_c18585 _d18557 |
||